| 000 | 00000nam##2200000za#4500 |
| 001 | 9.601728 |
| 003 | CaOODSP |
| 005 | 20210624210218 |
| 007 | cr ||||||||||| |
| 008 | 150406|2007||||xxc|||||o f|0| 0 fre|d |
| 022 | |a1919-3815 |
| 040 | |aCaOODSP|bfre |
| 043 | |an-cn--- |
| 086 | 1 |aFs70-7/2007-004F-PDF |
| 110 | 1 |aCanada. |bMinistère des pêches et des océans. |bRégion du Centre et de l'Arctique. |
| 245 | 10|aDemande de dragage de la rivière Sydenham (Ontario) pouvant avoir des répercussions pour les espèces de moules en voie de disparition |h[ressource électronique] |
| 246 | 17|aRégion C&A : réponse des sciences, le dragage et les moules dans la rivière Sydenham |
| 250 | |aMise à jour : mars 2007 |
| 260 | |aWinnipeg - Manitoba : |bPêches et Océans Canada. |cFévrier 2007. |
| 300 | |a3p.|bréférences |
| 490 | 1 |aSecrétariat canadien de consultation scientifique - réponse des sciences |x1919-3815|v2007/004, Région du Centre et de l'Arctique |
| 590 | |a11-22-Supp|b2011-10-13 |
| 775 | 08|tRequest to dredge in the Sydenham River, Ontario with potential impact for endangered mussel species |w(CaOODSP)9.571084 |
| 830 | #0|aRéponse des sciences (Secrétariat canadien de consultation scientifique)|x1919-3815|v2007/004, Région du Centre et de l'Arctique|w(CaOODSP)9.502630 |
| 856 | 40|ahttp://publications.gc.ca|qPDF|s29 Ko|uhttps://publications.gc.ca/collections/collection_2011/mpo-dfo/Fs70-7-2007-004-fra.pdf|y2007/004, Région du Centre et de l'Arctique |